000 00522nam a2200193 a 4500
001 17036
003 CO-ViMGA
008 141112s2004 ck r 000 u spa d
020 _a8497000307
040 _aCO-ViMGA
_bspa
_cCO-ViMGA
082 0 4 _a362.292 G713p
100 1 _aGradillas, Vicente
_924161
245 1 0 _aLos problemas del alcohol
260 _aMálaga (España),
_cAljibe,
_c2001
300 _a157.p.
590 _aForma de adquisición : Premio - Mincultura
650 1 4 _aALCOHOLISMO
_950876
942 _2ddc
_cBK
999 _c26652
_d26652